Представление документа в формате RUSMARC

ПолеНазваниеЗначение
  Тип записи a
  Библиографический уровень a
001 Контрольный номер RU/CBS_UL/BASE/4c77c1742cd34478be50aef0f8301d07
005 Дата корректировки 20260411151653.4
100 Данные общей обработки __
a Данные общей обработки 20260411 ||| 0rusy0189 ca
101 Язык документа 0_
a Язык текста rus
102 Страна публикации __
a Страна публикации RU
200 Заглавие и сведения об ответственности 1_
a Заглавие Дорогами первых
e Сведения, относящиеся к заглавию [о достопримечательностях России, связанных с темой космоса]
f Первые сведения об ответственности В. Бурлакова
300 Общие примечания __
a Общие примечания 16+
461 Уровень набора _0
1 2000
a Аргументы и факты
463 Уровень физической единицы _0
1 2000
a № 14 (8-14 апр.)
v С. 2, 23 : фот.
1 2101
d 2026
1 001RU/CBS_UL/BASE/8be78fd247ef4bf9b3bd9b65ced98c28
606 Тематические рубрики 0_
a Основная рубрика История космонавтики - Москва, город - Гагарин, город (Смоленская область) - Энгельс, город (Саратовская область) - Калуга, город - Казахстан
y Географическая подрубрика Москва, город
y Географическая подрубрика Гагарин, город (Смоленская область)
y Географическая подрубрика Энгельс, город (Саратовская область)
y Географическая подрубрика Калуга, город
y Географическая подрубрика Казахстан
610 Ключевые слова 0_
a Ключевые слова космонавтика, история космонавтики, достопримечательности, Космонавтика и авиация (филиалы ВДНХ), Дом-музей С.П. Королёва, московский планетарий, могила Ю. Гагарина, Покорителям космоса (монументы), Музей космонавтики, памятники Ю. Гагарину, место приземления Ю.Гагарина, Музей-заповедник Ю. Гагарина, Государственный музей истории космонавтики им. Циолковского, место старта Ю. Гагарина, космодромы, Байконур (космодромы)
686 Индексы других классификаций __
2 Код системы rubbk
a Классификационный индекс 39.6г
700 Автор _1
a Фамилия Бурлакова
b Имя (инициалы) В.
801 Источник записи _0
a Страна RU
b Организация МБУК ЦБС г. Ульяновска
c Дата составления 20260411
g Правила каталогизации RCR
801 Источник записи _1
a Страна RU
b Организация МБУК ЦБС г. Ульяновска
c Дата составления 20260411
g Правила каталогизации RCR
901 Тип документа __
t Тип документа f
w Контрольный № источника RU/CBS_UL/BASE/8be78fd247ef4bf9b3bd9b65ced98c28
909 Создатель записи __
a Создатель записи lib1